Ako nájsť toho pravého

Personalisti dnes často riešia situácie, keď aj majú voľné pracovné miesto, ale nedokážu nájsť vhodného kandidáta. Výberové konania sú preto komplikovanejšie a treba zapojiť nielen kreativitu, ale aj systémové riešenie.

Gespeichert in:
Bibliographische Detailangaben
1. Verfasser: Vašková, Eva
Format: Buchkapitel
Sprache:Slowakisch
Schlagworte:
Tags: Tag hinzufügen
Keine Tags, Fügen Sie das erste Tag hinzu!

MARC

LEADER 00000naa a2200000 4500
001 0235917
005 20170920085532.9
041 0 |a slo 
044 |a SK 
245 1 0 |a Ako nájsť toho pravého  |c Eva Vašková 
520 |a Personalisti dnes často riešia situácie, keď aj majú voľné pracovné miesto, ale nedokážu nájsť vhodného kandidáta. Výberové konania sú preto komplikovanejšie a treba zapojiť nielen kreativitu, ale aj systémové riešenie. 
610 2 0 |a nábor pracovníkov 
610 2 0 |a ponuka práce 
610 2 0 |a personalisti 
100 1 |a Vašková, Eva